000 00379nam a2200169Ia 4500
005 20250423100839.0
008 250422s9999 xx 000 0 und d
020 _a9789386053718
050 _aHT 421 .C43/
100 _aChaudhary, Anjana
245 0 _aRural sociology
260 _aNew Delhi
260 _bWisdom Press
260 _c2018
300 _a211 p
942 _cBK
999 _c34520
_d34520